|
|
|
|
| LEADER |
00000nam0a2200000 4500 |
| 001 |
106732 |
| 005 |
20231031115022.0 |
| 010 |
|
|
|a 5922106694
|
| 035 |
|
|
|a (RuTPU)RU\TPU\book\115255
|
| 090 |
|
|
|a 106732
|
| 100 |
|
|
|a 20061212d2006 k y0rusy50 ca
|
| 101 |
0 |
|
|a rus
|
| 102 |
|
|
|a RU
|
| 105 |
|
|
|a a z 001zy
|
| 200 |
1 |
|
|a Модели и критерии механики разрушения
|f Ю. Г. Матвиенко
|
| 210 |
|
|
|a Москва
|c Физматлит
|d 2006
|
| 215 |
|
|
|a 328 с.
|c ил.
|
| 320 |
|
|
|a Список литературы: с. 310-328.
|
| 330 |
|
|
|a В монографии изложены современные представления о моделях и критериях физики и механики повреждений и разрушения твердых тел при наличии трещин в условиях воздействия различных видов нагружения, а также принципы анализа и обоснования безопасности и живучести технических систем в сильно поврежденных состояниях. В рамках механики усталостного и контактного разрушения, динамической, экспериментальной и вычислительной механики разрушения, механики трещин при ползучести и воздействии коррозионных сред рассмотрены особенности моделей и критериев физики и механики трещин в твердых телах. Использование основных теоретических положений и критериев механики трещин проиллюстрировано практическими примерами. Для студентов старших курсов, магистров и аспирантов технических университетов, а также научных и инженерно-технических работников, интересующихся проблемами прочности и разрушения, безопасности, живучести и ресурса технических систем.
|
| 610 |
1 |
|
|a разрушение
|
| 610 |
1 |
|
|a механика
|
| 610 |
1 |
|
|a физика
|
| 610 |
1 |
|
|a твердые тела
|
| 610 |
1 |
|
|a трещины
|
| 610 |
1 |
|
|a микроразрушение
|
| 610 |
1 |
|
|a упругие тела
|
| 610 |
1 |
|
|a упругопластические тела
|
| 610 |
1 |
|
|a технические системы
|
| 610 |
1 |
|
|a безопасность
|
| 610 |
1 |
|
|a живучесть
|
| 675 |
|
|
|a 539.219
|v 3
|
| 700 |
|
1 |
|a Матвиенко
|b Ю. Г.
|g Юрий Григорьевич
|
| 801 |
|
1 |
|a RU
|b 63413507
|c 20061212
|g PSBO
|
| 801 |
|
2 |
|a RU
|b 63413507
|c 20150519
|g PSBO
|
| 942 |
|
|
|c BK
|
| 959 |
|
|
|a 104/20061204
|d 1
|e 440,00
|f НФ:1
|